|
|
|
|
| LEADER |
00000nab a2200000 a 4500 |
| 001 |
vtls000183238 |
| 003 |
SK-MaSNL |
| 005 |
20260304015335.0 |
| 008 |
111106c1984 xo 0| slos |
| 015 |
|
|
|a SNBRB19rr/mm-uuuuu
|
| 035 |
|
|
|a CL0193351
|
| 040 |
|
|
|a SNKBUCL
|b slo
|c SNKBUCL
|e AACR2
|
| 041 |
0 |
|
|a slo
|h esk
|
| 044 |
|
|
|a xo
|c SK
|
| 080 |
|
|
|a 894.75-93(087.5)398.2(=947.5)
|2 1981
|
| 245 |
0 |
0 |
|a O dobrej líštičke
|c preložil Marián Heveši, [ilustroval] Peter Cpin
|
| 650 |
0 |
7 |
|a ľudové rozprávky
|2 snkbucl
|9 73195
|
| 650 |
0 |
7 |
|a literatúra pre deti a mládež
|2 snkbucl
|9 21893
|
| 655 |
|
7 |
|a články z novín a časopisov
|2 snkbucl
|9 267496
|
| 655 |
|
7 |
|a články z odboru literárna veda a krásna literatúra
|2 snkbucl
|9 770045
|
| 655 |
|
7 |
|a eskimácke rozprávky
|2 snkbucl
|9 1296552
|
| 700 |
1 |
|
|a Heveši, Marián,
|d 1947-
|4 trl
|9 104700
|
| 700 |
1 |
|
|a Cpin, Peter,
|d 1947-
|4 ill
|9 98398
|
| 773 |
0 |
|
|t Slniečko
|g Roč. 16, č. 9 (1984), s. 9-11
|
| 850 |
|
|
|a Slovenská národná knižnica
|
| 852 |
|
|
|a Slovenská národná knižnica
|
| 958 |
|
|
|a RK
|
| 958 |
|
|
|a LX
|
| 992 |
|
|
|a RBX
|
| 999 |
|
|
|c 2590826
|d 2592756
|